| 000 | 00572nam a2200217 a 4500 | ||
|---|---|---|---|
| 005 | 20140310183337.0 | ||
| 008 | 061024s19uu xx 00 eng d | ||
| 020 | _a0256206902 | ||
| 050 |
_aHG 4026 _b.R675 1996 |
||
| 100 | _aRoss, Stephen A. | ||
| 245 |
_aCorporate finance/. _cStephen A. Ross |
||
| 250 | _a4th ed. | ||
| 260 |
_aChicago : _bIrwin, _c1996. |
||
| 300 |
_a899 p. : _bill. ; _c25 cm. |
||
| 521 | _aBSBA | ||
| 650 | _aCorporate finance. | ||
| 700 | _aWesterfield, Randolph W. | ||
| 700 | _aJaffe, Jeffrey | ||
| 942 |
_cBK _2lcc _kFOR |
||
| 999 |
_c21711 _d21711 |
||